[Event "North Sea Cup 17th"]
[Site "Esbjerg"]
[Date "2002.07.06"]
[Round "2"]
[White "Stefansson, Hannes"]
[Black "Hansen, Sune Berg"]
[Result "1/2-1/2"]
[WhiteElo "2588"]
[BlackElo "2545"]
[Annotator "Finkel,A"]
[PlyCount "120"]
[EventDate "2002.07.05"]
[EventType "tourn"]
[EventRounds "9"]
[EventCountry "DEN"]
[EventCategory "14"]
[SourceTitle "CBM 091"]
[Source "ChessBase"]
[SourceDate "2002.11.12"]
[SourceVersion "1"]
[SourceVersionDate "2002.11.12"]
[SourceQuality "1"]

1. d4 d6 2. e4 Nf6 3. Nc3 g6 4. Nf3 Bg7 5. Be2 O-O 6. O-O Bg4 7. Be3 Nc6 8. Nd2
$5 {The purpose of this move is to get minimal advantage after trading the
bishops.} (8. Ng5 $5) 8... Bxe2 9. Qxe2 Nd7 (9... e5 10. d5 Ne7 (10... Nd4 11.
Qd3 c6 12. dxc6 (12. Bg5 Qc7 13. Bxf6 Bxf6 14. Nd1 cxd5 15. c3 Ne6 16. Qxd5 Bg5
17. Nf3 $14 {Pachman,L-Adorjan,A/Munich 1979}) 12... bxc6 13. Bxd4 exd4 14.
Qxd4 Nd5 15. Qc4 Nxc3 16. bxc3 Qa5 17. Nb3 Qxc3 18. Qxc3 Bxc3 19. Rad1 Rfd8 20.
Rd3 Bf6 21. Rfd1 $14 {Plaskett,J-Pasman,M/Graz 1978}) 11. a4 (11. Nc4 Qd7 12.
f3 Rae8 13. Na5 b6 14. Nb3 Nh5 15. a4 a5 16. Qb5 Qd8 17. Qc4 Nc8 18. Nb5 Re7
19. Nc1 $14 {Taulbut,S-Hartoch,R/Amsterdam 1978}) (11. Rfd1 Qc8 12. Nc4 b5 13.
Nxb5 Nxe4 14. Na5 Qa6 15. b4 c6 16. f3 Qxb5 17. Qxb5 cxb5 18. fxe4 $14 {
Speelman,J-Ligterink,G/Amsterdam 1978}) 11... c6 12. dxc6 bxc6 13. Rfd1 d5 14.
Bc5 Qc7 15. Nb3 Rfd8 16. exd5 Nexd5 $132 {Taimanov,M-Gufeld,E/Jurmala 1978})
10. Nb3 (10. Nf3 e5 11. d5 Nd4 12. Qd1 Nxf3+ 13. Qxf3 f5 14. Qe2 f4 15. Bd2 f3
16. gxf3 a6 $44 {Fell,L-Fuller,M/Cooma 1974}) 10... e5 11. Rad1 $5 {Letting
black to take on d4.} (11. d5 $5 Ne7 12. Rad1 Kh8 13. Na5 Qc8 14. b4 f5 15. f3
Ng8 16. Nb1 Bh6 17. c4 $14 {Rozentalis,E-Lugovoi,A/Neum 2000}) 11... exd4 12.
Nxd4 Re8 13. f3 {Another possible variation was} (13. Nxc6 bxc6 14. Bd4 Bxd4
15. Rxd4 Rb8 16. b3 $14 {with symbolic advantage for white.}) 13... Nb6 14. b3
{[%csl Gc4]} d5 15. Qf2 Nxd4 16. Bxd4 Bxd4 17. Qxd4 (17. Rxd4 c5 18. Rd2 d4 19.
Ne2 Qf6 20. Rc1 $14 {[%cal Gc2c3]}) 17... dxe4 18. Nxe4 Qxd4+ 19. Rxd4 Kg7 20.
Rfd1 $14 {Arising endgame is not as simple as it looks. White's control over
the d-file and poor position of black knight on b6 make black's defensive task
not so easy..} Re5 21. c4 f5 22. Nc3 Rae8 23. Kf2 c6 24. R1d2 R5e7 (24... Kf7
25. Ne2 R5e7 26. Nf4 Na8 $11) 25. Ne2 Na8 $1 {Bringing the knight into play.}
26. Nf4 Nc7 27. Rd6 Kf7 28. h4 $1 Ne6 29. Kg3 (29. Nxe6 Rxe6 30. Rxe6 Rxe6 31.
Rd7+ Re7 32. Rxe7+ Kxe7 33. Ke3 Kf6 34. Kd4 b6 $11) 29... Ng7 {Trading the
knight would leave black in inferior position after} (29... Nxf4 $6 30. Kxf4 c5
31. h5 $14 {[%csl Rg6]}) 30. b4 Rc8 31. Nd3 Ne8 32. Rd4 Nf6 33. Kf2 Rce8 34.
Rd6 h6 35. a4 g5 36. a5 Re6 37. Nc5 (37. Rxe6 Rxe6 38. Nc5 Re7 39. Rd6 b6)
37... Rxd6 38. Rxd6 b6 {Black is forced to give up the pawn.} ({Didn't work} 
38... Re7 $6 39. a6 b6 40. Nb7 Rc7 41. Rxc6 $1 $16 {winning a pawn}) 39. axb6
axb6 40. Nd3 c5 41. Rxb6 (41. bxc5 bxc5 42. Nxc5 Rc8 $2 43. Nd7 Nxd7 44. Rxd7+
Ke6 45. Rh7 $18) (41. b5 Re6 $11) 41... cxb4 42. Rxb4 f4 $1 {Black rooks
penitrates to e3.} 43. Rb5 (43. Rb2 $5) 43... Re3 44. Ne5+ Ke6 45. hxg5 hxg5
46. Ng6 Rc3 $14 47. Rb6+ Kf7 48. Ne5+ Ke7 49. Kg1 Rc2 {White can't make any
progress.} 50. Ra6 Rc1+ 51. Kh2 Rc2 52. Kh3 Rc1 53. g3 fxg3 54. Kxg3 Rc3 55.
Kf2 g4 $1 56. fxg4 Nxg4+ 57. Nxg4 Rxc4 58. Kf3 Rc1 59. Ke4 Re1+ 60. Ne3 Kd7
1/2-1/2

[Event "Budapest FS04 GM-A"]
[Site "Budapest"]
[Date "2002.04.11"]
[Round "10"]
[White "Vajda, Levente"]
[Black "Bokros, Albert"]
[Result "0-1"]
[WhiteElo "2539"]
[BlackElo "2435"]
[Annotator "Finkel,A"]
[PlyCount "116"]
[EventDate "2002.04.02"]
[EventType "tourn"]
[EventRounds "13"]
[EventCountry "HUN"]
[EventCategory "9"]
[SourceTitle "CBM 089"]
[Source "ChessBase"]
[SourceDate "2002.08.12"]
[SourceVersion "1"]
[SourceVersionDate "2002.08.12"]
[SourceQuality "1"]

1. e4 g6 2. d4 Bg7 3. Nc3 d6 4. Be3 c6 5. a4 Nd7 6. Nf3 Ngf6 7. Be2 O-O 8. O-O
Qc7 9. Qd2 (9. Nd2 b6 10. f4 Bb7 (10... a6 11. Bd3 Bb7 12. e5 Ne8 13. Nce4 c5
14. c3 Qc6 15. Qe2 Nc7 $13 {Damljanovic,B-Ehlvest,J/Belgrade 1989}) 11. e5 Nd5
12. Nxd5 cxd5 13. Bd3 e6 14. Nf3 f6 15. exf6 Nxf6 16. Ng5 Rae8 17. Qf3 $14 {
Pribyl,J-Fajman,P/Prague 1992}) 9... e5 (9... Re8 10. Rfd1 Ng4 11. h3 $6 Nxe3
12. Qxe3 e5 13. d5 h6 14. Qd2 Bf8 15. h4 Nf6 $13 {Bousbouras,S-Managadze,N/
Athens 1997}) (9... b6 10. Bh6 Bb7 11. Rad1 (11. Ne1 a6 12. Bxg7 Kxg7 13. f4
Rad8 14. Qe3 c5 15. d5 e6 16. dxe6 fxe6 17. Nf3 $14 {Abel,L-Berebora,F/HUN 1993
}) 11... Rad8 12. Rfe1 e5 13. Bg5 a6 14. Bf1 Rfe8 15. Qc1 Rc8 16. dxe5 dxe5 17.
g3 {1/2-1/2 Short,N-Shirov,A/Novgorod 1994/CBM 43 (17)}) 10. dxe5 (10. Bh6 $5)
10... dxe5 11. Rfd1 $5 {An attempt to gain a tempo on not playing h3.} (11. h3
Nh5 (11... Re8 12. Rfd1 Bf8 13. Bc4 Nc5 14. Ng5 Be6 15. Qe2 b6 16. Rd2 $14 {
Hunt,A-Rujevic,M/Gold Coast 2000}) 12. Rfd1 Nf4 13. Bf1 Re8 14. a5 Bf8 15. Bc4
Ne6 16. Ng5 Ndc5 17. b4 Nxg5 18. Bxc5 Bxc5 19. bxc5 $14 {Geller,E-Szabo,L/
Hilversum 1973}) 11... Ng4 12. Bg5 f6 13. Bc4+ Kh8 14. Bh4 Nh6 $5 {[%csl Gd6]
[%cal Gh6f7]} 15. a5 Nc5 16. b4 {Nothing promised typical exchange of the
queens on d6:} (16. Qd6 Qxd6 17. Rxd6 f5 $1 (17... Nf7 $2 18. Rxf6 Bxf6 19.
Bxf6+ Kg8 20. Ng5 $18) 18. Bg3 Nxe4 19. Nxe4 fxe4 20. Nxe5 Nf5 21. Rd8 $1 Nxg3
22. Nf7+ Kg8 23. Ne5+ Kh8 $11) 16... Be6 $1 17. Bf1 (17. Bxe6 Nxe6 18. Qd7 Qxd7
19. Rxd7 Rf7 20. Rad1 Raf8 (20... Nd4 $6 21. Rxf7 Nxf3+ 22. gxf3 Nxf7 23. Rd7
Nd8 24. f4 $1 exf4 25. e5 $14 {[%csl Rd8]}) 21. Rxf7 Rxf7 22. Rd6 $14) 17...
Nd7 $6 (17... Rfd8 18. Qe3 Nd7 $13) 18. Ne1 $6 {This time Qd6 would bring
white serious advantage!} (18. Qd6 $1 Qxd6 19. Rxd6 Rae8 20. a6 Nf7 21. Rxe6 $1
Rxe6 22. axb7 Nd6 23. Rxa7 Rb8 24. Ba6 $16) 18... Nf7 $132 19. Nd3 Rfd8 20. Qe1
Nd6 21. f3 Nb5 $5 22. Na4 (22. Nxb5 cxb5 23. Bf2 Bf8 24. Ra3 $5 a6 25. Rc3 Bc4
$13) 22... Nd4 23. Qf2 b6 24. Bg3 c5 25. bxc5 $6 (25. axb6 axb6 26. bxc5 Nxc5
27. Ndxc5 bxc5 28. Nc3 $11) 25... Nxc5 26. Naxc5 bxc5 {[%csl Ra5]} 27. f4 c4
28. fxe5 fxe5 29. Nb4 $2 {Missing black reply.} (29. Ne1 $5 $15) 29... Qc5 $1
30. c3 Rf8 {[%cal Gc5g1]} 31. Nd3 $8 (31. Qe3 Ne2+ $19) (31. cxd4 Qxb4 32. Qe3
exd4 33. Rxd4 Qb3 $1 34. Bf2 Qxe3 35. Bxe3 Bxd4 36. Bxd4+ Kg8 $19) 31... Qc8
32. Qb2 Nb3 33. Nb4 Nxa1 34. Rxa1 Qb7 $19 35. Qe2 Rad8 36. Qe3 Rd7 37. Re1 Qb5
38. a6 Qa4 $6 39. Qc5 Qb3 (39... Rd1 40. Bxe5 Rf7 41. Bxg7+ Kg8 $1 42. Qe3 Rxe1
43. Qxe1 Kxg7 $17) 40. Bxe5 Rdf7 41. Bxg7+ Kxg7 42. Qe5+ Rf6 43. Be2 (43. Nd5
$2 Bxd5 44. exd5 Qb6+ $19) 43... Qb2 44. Qd4 Kg8 45. Bxc4 Bxc4 46. Qxc4+ Kg7
47. Qd4 Qf2+ $1 {White can't save this endgame because knight is uncapable to
to handle the rook when there are pawns on both wings.} 48. Qxf2 Rxf2 $19 {
[%csl Ra6,Rc3]} 49. Rd1 Re2 50. Rd7+ Kh6 $1 51. Nd3 (51. Rxa7 Re1#) (51. h3
Rff2 52. Nd3 Rxg2+ 53. Kf1 Ra2 54. Rxa7 Rh2 $19) 51... Rd2 52. h4 Rc8 53. g4 g5
$5 54. Rd6+ Kg7 55. Rd7+ Kg8 56. Rd5 Rxc3 57. Rxg5+ Kh8 58. Nf2 Rg3+ 0-1

[Event "Alushta"]
[Site "Alushta"]
[Date "1999.03.08"]
[Round "6"]
[White "Zubov, Alexander"]
[Black "Rakhmangulov, Andrei"]
[Result "1/2-1/2"]
[WhiteElo "2502"]
[BlackElo "2417"]
[Annotator "Finkel,A"]
[PlyCount "72"]
[EventDate "1999.03.03"]
[EventType "tourn"]
[EventRounds "11"]
[EventCountry "UKR"]
[EventCategory "10"]
[SourceTitle "CBM 070"]
[Source "ChessBase"]
[SourceDate "1999.06.08"]
[SourceVersion "1"]
[SourceVersionDate "1999.06.08"]
[SourceQuality "1"]

1. e4 d6 2. d4 Nf6 3. Nc3 g6 4. Bf4 c6 5. h3 $6 {It's hard to fight for the
advantage wiht this hasitant move.Better is theoretical 5.Qd2:} (5. Qd2 b5 6.
a3 (6. Bd3 Qc7 $6 (6... Nbd7 7. Nf3 Nb6 (7... Bg7 8. O-O O-O 9. Rfe1 Nb6 10. h3
b4 11. Ne2 c5 12. dxc5 dxc5 13. e5 Nfd5 $132 {Kamber,B-Piket,M/Lugano op 1989 
(33)}) 8. O-O $6 Bg4 9. e5 Nh5 10. exd6 Bxf3 11. gxf3 Nxf4 12. Qxf4 Qxd6 13.
Qxd6 exd6 $15 {Kuzmin,G-Conquest,S/Lloyds Bank op 1985}) 7. Nf3 Bg4 8. e5 b4 9.
Nb5 $1 cxb5 10. exf6 e6 11. Qxb4 Bxf3 12. gxf3 $36 {Penalonga,A-Barranco,J/
Caceres op 1993 (26)}) 6... Nbd7 7. Nf3 Nb6 (7... Bg7 8. Bh6 Bxh6 9. Qxh6 e5
10. O-O-O Qe7 11. dxe5 dxe5 12. h3 a6 13. g4 Bb7 $132 {Tornai,I-Szabo,Z/
HUN-chT1 1995}) 8. h3 Bg7 9. Bd3 O-O 10. O-O a6 11. e5 dxe5 12. dxe5 Nfd5 $11 {
Lutikov,A-Karasev,V/URS-ch otbor 1976 (42)}) 5... Bg7 6. Qd2 O-O 7. Nf3 b5 8.
Bd3 ({Black manages to keep the balance also after} 8. e5 b4 $1 9. Ne2 (9. exf6
bxc3 10. Qxc3 Bxf6 11. Bc4 Nd7 $15) 9... Nd5 10. Bh6 Nd7 11. Bxg7 Kxg7 12. Nf4
Nxf4 13. Qxf4 Nb6 $11) 8... Nbd7 9. Bh6 e5 10. Bxg7 Kxg7 11. O-O ({More lively
position would arise after} 11. O-O-O $5 exd4 (11... b4 12. Ne2 a5 13. dxe5
dxe5 14. g4 Qc7 15. Ng3 $14) 12. Nxd4 Qb6 13. Nce2 Nc5 14. f3 a5 15. g4 b4 $132
) 11... Bb7 12. dxe5 dxe5 13. a4 a6 $11 {Now it becomes clear that black
doesn't face any problems after the opening.} 14. Qe3 Qe7 {[%cal Gd7c5]} 15.
Ne2 Nc5 16. Ng3 Nfd7 ({Not falling into the trap:} 16... Nxa4 $6 17. Qg5 Qe6
18. Bc4 $1 bxc4 19. Rxa4 Rfe8 20. Ra5 $14 {[%csl Re5] and white is better.})
17. axb5 axb5 18. b4 (18. Be2 $5) 18... Na4 19. Rab1 Nab6 20. Nh2 {[%cal Gh2g4]
} h5 $1 {Depriving white knight very comfortable square.} 21. f4 $6 {
Significiently weakening dark squares.} exf4 22. Rxf4 Kg8 $5 23. Qf2 Qe5 24.
Ngf1 (24. Ne2) 24... f6 25. g4 h4 $1 26. Qe3 Nc4 27. Bxc4+ bxc4 28. Rf2 $5 ({
Slightly better was} 28. Nf3 Qd6 29. g5 fxg5 30. Rxf8+ Rxf8 31. Nxg5 Ne5 32.
Nd2 $13 {with unclear position.}) 28... c5 $15 {[%csl Re4][%cal Gb7e4]} 29. Nf3
Qxe4 30. bxc5 (30. Qxe4 Bxe4 31. Nxh4 cxb4 32. Rxb4 Ne5 $15) 30... Qxe3 31.
Nxe3 Bxf3 32. Rxf3 Ra3 33. Re1 Nxc5 34. Kg2 Ra2 $5 (34... Rc3 $5) 35. Re2 Ne6 (
35... Nd3 $1 36. Nxc4 Rxc2 37. Rxc2 Ne1+ 38. Kf2 Nxc2 39. Nd6 Kg7 $15) 36. Rd2
g5 $6 1/2-1/2

[Event "GER CupT"]
[Site "Forchheim"]
[Date "2000.03.18"]
[Round "1"]
[White "Lutz, Christopher"]
[Black "Polzin, Rainer"]
[Result "1-0"]
[WhiteElo "2587"]
[BlackElo "2464"]
[Annotator "Finkel,A"]
[PlyCount "67"]
[EventDate "2000.03.18"]
[EventType "team"]
[EventRounds "2"]
[EventCountry "GER"]
[SourceTitle "CBM 076"]
[Source "ChessBase"]
[SourceDate "2000.05.31"]
[SourceVersion "1"]
[SourceVersionDate "2000.05.31"]
[SourceQuality "1"]

1. e4 g6 2. d4 Bg7 3. Nf3 d6 4. Be2 Nf6 5. Nc3 O-O 6. O-O c6 7. a4 Nbd7 8. a5
Qc7 9. Be3 Rb8 10. Nd2 $5 {[%cal Gf2f4,Ge4e5] Logical continuation keeping in
mind to advance the pawns in the center.} (10. h3 b5 11. axb6 axb6 12. d5 Nc5
13. Bd3 Bb7 14. dxc6 Bxc6 15. Nd2 d5 16. exd5 Nxd5 17. Nxd5 Bxd5 $15 {Bricard,
E-Stangl,M/Wildbad 1990}) (10. d5 a6 11. Ra2 b5 12. axb6 Nxb6 13. dxc6 Qxc6 14.
Bxa6 {1/2-1/2 Nisipeanu,L-Iordachescu,V/WchJM U20 1996}) 10... b5 11. axb6 axb6
{Black's strategy looks cramped and slow, but it is difficult to exploit these
factors; the position is certainly more tense than after the usual ...e5, dxe5
dxe5 etc. Perhaps white could try 12.d5!? here.} 12. f4 (12. d5 Bb7 13. dxc6
Bxc6 14. f3 d5 15. exd5 Nxd5 16. Nxd5 Bxd5 17. c3 Rfd8 18. Qe1 Nc5 19. Qh4 Ne6
20. Rfe1 Bf6 21. Qh6 Bg7 {1/2-1/2 Loginov,V-Beim,V/Budapest FS04 GM 1994})
12... b5 13. e5 Nd5 (13... Ne8 14. Qe1 Nb6 15. Kh1 Bf5 16. Qh4 Nc4 17. Nxc4
bxc4 18. Bxc4 Rxb2 $132 {Flear,G-Hodgson,J/London WFW 1990}) 14. Nxd5 cxd5 15.
Bd3 $5 (15. Nf3 b4 16. Bd3 b3 17. cxb3 Qb6 18. Qe1 Qxb3 19. Rd1 f5 $13 {
Tseshkovsky,V-Beim,V/Voskresensk 1992}) 15... Nb6 $6 (15... b4) 16. b3 (16.
Bxb5 $5 Nc4 17. Bxc4 dxc4 18. b3 c3 19. Nf3 Bb7 20. Re1 $14) 16... Bf5 $6 {
After this move white creates very dangerous threats on the kingside without
an effort!Deserved attention} (16... b4 17. Nf3 Bg4 18. Qe1 Bxf3 19. Rxf3 Nd7
$14) 17. Bxf5 gxf5 18. Qh5 e6 (18... Qxc2 19. Rf3 Ra8 20. Raf1 Ra2 21. Rg3 $1 (
21. Rh3 h6 22. Rg3 Kh8 23. Nf3 Qxb3 24. Nh4 e6 $17) 21... Kh8 (21... f6 $2 {
[%cal Gg3g8]} 22. Qh6 Rf7 23. e6 Kf8 24. Qh5 $18) 22. Nf3 f6 23. Nh4 $40) 19.
Rf3 f6 $6 {The final mistake:now white's attack is lethal.} 20. Rh3 $1 h6 {
[%csl Rg6]} 21. Rg3 $1 Kh8 (21... dxe5 22. fxe5 fxe5 23. Bxh6 Rf7 24. Nf3 $1 e4
25. Ne5 Re7 26. Bxg7 Rxg7 27. Rh3 $18) 22. Nf3 {[%cal Gf3h4,Gh4g6]} Qf7 (22...
Qc3 23. Re1 fxe5 24. Qg6 $1 Rb7 25. Rh3 Ra8 26. Bd2 Qxc2 27. fxe5 $18) 23. Rg6
Nd7 (23... Kh7 24. exf6 $1 {[%cal Gf3g5]} Qxg6 25. Ng5+ Qxg5 26. fxg5 $18) 24.
Ra7 $1 $18 Ra8 (24... fxe5 25. fxe5 f4 26. Ng5 Qe7 27. exd6 $18 Qxd6 28. Rxh6+
Kg8 29. Rh8+ $3 Bxh8 30. Qh7#) 25. exf6 Nxf6 26. Rxh6+ Bxh6 (26... Kg8 27.
Qxf7+ Rxf7 28. Rxa8+ $18) 27. Qxh6+ Kg8 28. Qg5+ Kh8 29. Rxf7 Ra1+ 30. Kf2 Rxf7
31. Qh6+ Kg8 32. Qg6+ Kf8 33. Ng5 $1 Ng4+ 34. Ke2 1-0

[Event "ISR-ch"]
[Site "Ramat Aviv/Modiin"]
[Date "2000.12.22"]
[Round "6"]
[White "Tseitlin, Mark D"]
[Black "Roiz, Michael"]
[Result "0-1"]
[WhiteElo "2445"]
[BlackElo "2440"]
[Annotator "Finkel,A"]
[PlyCount "74"]
[EventDate "2000.12.17"]
[EventType "tourn"]
[EventRounds "11"]
[EventCountry "ISR"]
[EventCategory "11"]
[SourceTitle "CBM 081"]
[Source "ChessBase"]
[SourceDate "2001.03.20"]
[SourceVersion "1"]
[SourceVersionDate "2001.03.20"]
[SourceQuality "1"]

{[%mdl 8224]} 1. e4 g6 2. d4 Bg7 3. Nc3 d6 4. Nf3 Nf6 5. Be2 O-O 6. O-O e6 $5 {
The main purpose of this continuation is to deviate from the theory as quickly
as possible. The drawback of this move is that black permits white to develop
his pieces very comfortably without any effort.} 7. Re1 (7. h3 Nc6 8. Bg5 h6 9.
Be3 b6 10. Qc1 Kh7 11. Rd1 Qe7 12. a4 Bb7 13. Bf1 $14 {Roos,J-Shchekachev,A/
XVIII Open 2000}) 7... Nc6 8. h3 a6 (8... b6 9. Bf4 Bb7 10. d5 exd5 11. exd5
Ne7 12. Bc4 a6 13. a4 Qd7 14. Qd2 Rfe8 $13 {Brynell,S-Agrest,E/ch-SWE 2000}) (
8... h6 9. a4 (9. Be3 b6 10. Qd2 Kh7 11. Rad1 Bb7 12. e5 dxe5 13. dxe5 Ng8 14.
Qc1 $14 {Kuczynski,R-Czerwonski,A/57th ch-POL 2000}) (9. Bf1 Kh7 10. d5 exd5
11. Nxd5 Re8 12. Nxf6+ Qxf6 13. c3 Bd7 14. Bd3 Ne5 15. Nxe5 Rxe5 16. Be3 c5 $11
{Protaziuk,G-Markowski,T/55th chTeam-POL 1999}) 9... b6 10. b3 Bb7 11. Ba3 Re8
12. Bf1 a6 13. Qd3 Ne7 14. Rad1 Nh5 15. Qe3 f5 $13 {Rudolf,H-Belotelov,D/21st
Open A 2000}) 9. Bf1 h6 10. Bf4 (10. a4 $5 b6 11. Bf4 Bb7 12. Qd2 g5 13. Bh2
Ne7 $13) 10... b5 11. a4 b4 12. Na2 a5 13. Nc1 Bb7 14. Bh2 (14. c4 $6 Nxd4 (
14... e5 $6 15. dxe5 Nh5 16. Be3 dxe5 17. Nd3 $14 {[%cal Gd3c5]}) 15. Nxd4 e5
16. Be3 exd4 17. Bxd4 c5 $15) 14... Ne7 15. Bd3 g5 16. Nb3 $6 {White waits too
much and gives black a possibility to regroup the pieces and to become ready
to breakthrough in the center.} (16. e5 dxe5 (16... Nfd5 17. Nb3 Qd7 18. Qe2
$14) (16... Nh5 $2 17. Nxg5 $1 $18) 17. dxe5 Nfd5 18. Nb3 Nf5 19. Nc5 Bc6 20.
Qe2 $14) 16... Ng6 17. e5 Nh5 18. Be4 (18. exd6 $5 cxd6 19. Bxg6 fxg6 20. Rxe6
Bxf3 21. gxf3 Qd7 22. d5 Bxb2 23. Rb1 Bg7 24. Qd3 $13) 18... Bxe4 19. Rxe4 f5
20. Re1 (20. exf6 Qxf6 21. Nbd2 Nhf4 22. Qf1 h5 $36) 20... Nhf4 21. exd6 cxd6
22. Bxf4 Nxf4 $36 23. Qd2 Qe8 24. c4 {[%csl Rb3]} (24. Nc1 Qh5 25. Qe3 Rae8 26.
Nd3 Nxd3 27. Qxd3 g4 28. Nd2 $132) 24... bxc3 25. bxc3 Qh5 26. Re3 $6 (26. Qe3)
26... g4 27. hxg4 fxg4 28. Nh2 $2 {White simply blunders a piece in one move,
which is quiet rare occasion in grandmasters practice!} (28. Ne1 $8 Rab8 29.
Rb1 Rf5 30. Nd3 Nxd3 31. Qxd3 Qh4 32. g3 Qf6 $15) 28... Qd5 $1 $19 {[%cal
Gd5g2,Gd5b3]} 29. Rg3 Qxb3 30. Nxg4 Kh8 31. Re1 Ra7 32. Ra1 Raf7 33. Ra2 Qb1+
34. Kh2 Rf5 35. Rf3 Rh5+ 36. Kg3 Rh3+ $1 37. gxh3 Qg1+ (37... Qg1+ 38. Kh4 Bf6+
39. Nxf6 Qg5#) 0-1

[Event "Tan Chin Nam Cup 8th"]
[Site "Qingdao"]
[Date "2002.07.04"]
[Round "1"]
[White "Schneider, Dmitry"]
[Black "Zhang, Zhong"]
[Result "1/2-1/2"]
[WhiteElo "2429"]
[BlackElo "2637"]
[Annotator "Finkel,A"]
[PlyCount "101"]
[EventDate "2002.07.04"]
[EventType "swiss"]
[EventRounds "9"]
[EventCountry "CHN"]
[SourceTitle "CBM 091"]
[Source "ChessBase"]
[SourceDate "2002.11.12"]
[SourceVersion "1"]
[SourceVersionDate "2002.11.12"]
[SourceQuality "1"]

1. e4 d6 2. d4 Nf6 3. Nc3 g6 4. Nf3 Bg7 5. Be2 O-O 6. O-O a6 7. Bg5 h6 (7... b5
8. e5 Nfd7 (8... b4 9. exf6 exf6 10. Bd2 bxc3 11. Bxc3 f5 12. Re1 Nd7 13. Nd2
Nf6 14. Bf3 Rb8 15. Nb3 d5 $13 {Yemelin,V-Tseitlin,M/Beersheba 1998}) 9. a4
bxa4 10. Nd5 Nc6 11. exd6 cxd6 12. Rxa4 h6 13. Be3 e6 14. Nb4 Nxb4 15. Rxb4 Nb6
$13 {Wolff,P-Norwood,D/Toronto 1989}) 8. Bh4 (8. Be3 b5 9. a3 Bb7 10. Nd2 Nbd7
11. f3 c5 12. Nb3 Qc7 13. Qd2 Kh7 $11 {Budko,S-Cherniaev,A/St Petersburg 1997})
8... b5 $5 {Quite risky continuation, but it's not so easy for white to punish
black for it.} (8... g5 9. Bg3 Nh5 10. Qd3 (10. h4 Nxg3 11. fxg3 gxh4 12. gxh4
e6 13. Qe1 Nd7 $132 {Iskov,G-Hoi,C/Copenhagen 1984}) 10... Nxg3 11. hxg3 Nc6
12. d5 Nb8 13. Nd2 e6 14. f4 Nd7 15. Rae1 Qe7 $13 {Ovezov,A-Ali,M/Istanbul 2000
}) 9. e5 Nfd7 (9... dxe5 10. dxe5 Nfd7 11. e6 fxe6 12. Re1 $44 {[%csl Re6,Rg6]}
) 10. Nd5 Nc6 11. a4 Rb8 12. axb5 axb5 13. exd6 cxd6 14. Re1 g5 {Changing the
character of the game.} (14... Nb6 $2 15. Bxb5) (14... Re8 $5) 15. Nxg5 $5 {
Accepting the challenge!} hxg5 16. Bxg5 f6 (16... b4 17. Bd3 Re8 18. Qh5 Nf8
19. Re3 $40 {[%cal Ge3g3]}) 17. Bh4 e5 18. c3 Nb6 {Deciding to give back some
material} (18... Ne7 19. Bf3 Bb7 $2 20. Nxe7+ Qxe7 21. Bxb7 Rxb7 22. dxe5 {
[%csl Rb7]} Nxe5 23. f4 $16) 19. Bf3 Rf7 20. Nxb6 Qxb6 21. Bd5 Ne7 22. Bxf7+
Kxf7 23. Qh5+ Kf8 24. Re3 Nd5 25. Rf3 (25. Rg3 Nf4 {[%csl Rg3]} 26. Qd1 Be6 $15
) {Deserved attention} 25... Qc7 (25... Nf4 $5 26. Qh7 Bb7 27. Rxf4 exf4 28.
Qf5 Qc6 29. f3 Qd5 30. Qxf4 Kf7 31. Bg3 $13 {with unclear position.}) 26. dxe5
dxe5 27. Bg3 {[%cal Gf3f8]} Kg8 (27... f5 28. Rd1 Nf6 29. Qg6 f4 30. Bh4 Rb6
31. Rfd3 $40 {[%cal Gd3d8]}) 28. Qe8+ Kh7 29. Qh5+ Kg8 30. Qe8+ Kh7 31. Qh5+
Bh6 32. Rd1 Nf4 ({Didn't work} 32... Be6 $2 33. Rxd5 $1 Bxd5 34. Rxf6 Qg7 35.
Qf5+ Kh8 36. Rxh6+ Qxh6 37. Qxe5+ Kh7 38. Qc7+ Kg6 39. Qd6+ Kh7 40. Qxh6+ Kxh6
41. Bxb8 $18) 33. Bxf4 exf4 34. Rfd3 Qg7 35. f3 Be6 36. Rd6 Rg8 37. R1d2 Qa7+
38. R2d4 Rg5 {Black is not satisfied with a draw.} (38... Qg7 $5 $11) 39. Qe8
Bh3 40. Qe4+ Kg7 41. g4 fxg3 42. hxg3 Re5 43. Qh4 Be6 44. Rxe6 Rxe6 45. Qg4+
Kf7 46. Qh5+ Ke7 47. Kg2 (47. Qxh6 Qa1+ 48. Kg2 Re2+ 49. Kh3 Qh1+ 50. Kg4 Qxh6
$19) 47... Qa1 $5 48. Qc5+ Kf7 49. Qh5+ Ke7 50. Qc5+ Kf7 51. Qh5+ 1/2-1/2